[Event "Ankara Ipek Memorial 8th"]
[Site "Ankara"]
[Date "2020.03.08"]
[Round "7"]
[White "Banci, Dogancan"]
[Black "Pamuk, Yagiz"]
[Result "0-1"]
[WhiteElo "1634"]
[BlackElo "1385"]
[PlyCount "66"]
[EventDate "2020.03.04"]
[EventType "swiss"]
[EventRounds "7"]
[EventCountry "TUR"]
[SourceTitle "CBM 195 Extra"]
[Source "ChessBase"]
[SourceDate "2020.05.31"]
[SourceVersion "1"]
[SourceVersionDate "2020.05.31"]
[SourceQuality "1"]

1. e4 c5 2. Nc3 g6 3. f4 Bg7 4. Nf3 Nc6 5. a3 a6 6. Bc4 e6 7. d3 Nge7 8. 0-0 0-0 9. Qe1 d5 10. Ba2 Nd4 11. Nxd4 cxd4 12. Ne2 dxe4 13. dxe4 d3 14. cxd3 Qxd3 15. Ng3 b5 16. Rb1 Bb7 17. Be3 Rfd8 18. Rd1 Qc2 19. Rc1 Qd3 20. Rf2 Qd7 21. Rd2 Qe8 22. Rcd1 Rxd2 23. Qxd2 Nc6 24. Qd7 Rd8 25. Qxe8+ Rxe8 26. e5 Rd8 27. Rxd8+ Nxd8 28. Bb6 Nc6 29. Ne4 Nxe5 30. Nd6 Nd7 31. Nxb7 Nxb6 32. b3 Bb2 33. Nc5 Bd4+ 0-1